Statistics for English Football Stadiums

Click here to take the quiz!

General Stats

  • This quiz has been taken 14,112 times
    (1,374 since last reset)
  • The average score is 15 of 20

Answer Stats

Ground Team % Correct
Old TraffordManchester United
99%
Emirates StadiumArsenal
98%
AnfieldLiverpool
98%
Stamford BridgeChelsea
97%
King Power StadiumLeicester City
91%
St. Mary's StadiumSouthampton
87%
Selhurst ParkCrystal Palace
84%
Craven CottageFulham
83%
Elland RoadLeeds United
82%
Molineux StadiumWolverhampton Wanderers
82%
Stadium of LightSunderland
80%
Carrow RoadNorwich City
77%
The HawthornsWest Bromwich Albion
74%
Bramall LaneSheffield United
73%
Vicarage RoadWatford
72%
Pride Park StadiumDerby County
60%
DW StadiumWigan Athletic
57%
Ashton GateBristol City
54%
Valley ParadeBradford City
41%
Keepmoat StadiumDoncaster Rovers
37%

Score Distribution

Percentile by Number Answered

Percent of People with Each Score

Your Score History

You have not taken this quiz since the last reset